<?xml version="1.0" encoding="UTF-8"?>
<record
    xmlns:xsi="http://www.w3.org/2001/XMLSchema-instance"
    xsi:schemaLocation="http://www.loc.gov/MARC21/slim http://www.loc.gov/standards/marcxml/schema/MARC21slim.xsd"
    xmlns="http://www.loc.gov/MARC21/slim">

  <leader>01226nam a22002777a 4500</leader>
  <controlfield tag="003">BPGM</controlfield>
  <controlfield tag="005">20260630155432.0</controlfield>
  <controlfield tag="008">260630m19911997mx ad||gr||||s001 0 spa d</controlfield>
  <datafield tag="020" ind1=" " ind2=" ">
    <subfield code="a">968-7377-38-0</subfield>
  </datafield>
  <datafield tag="040" ind1=" " ind2=" ">
    <subfield code="a">BPGM</subfield>
    <subfield code="b">spa</subfield>
  </datafield>
  <datafield tag="041" ind1=" " ind2=" ">
    <subfield code="a">SPA</subfield>
    <subfield code="h">SPA</subfield>
  </datafield>
  <datafield tag="082" ind1="0" ind2="4">
    <subfield code="a">338.97245</subfield>
    <subfield code="b">M45</subfield>
  </datafield>
  <datafield tag="100" ind1=" " ind2=" ">
    <subfield code="a">GOBIERNO DEL ESTADO DE QUERETARO</subfield>
    <subfield code="e">AUTOR</subfield>
  </datafield>
  <datafield tag="245" ind1=" " ind2=" ">
    <subfield code="a">MEMORIA GRAFICA</subfield>
    <subfield code="b">ACCIONES Y OBRAS 1991-1997</subfield>
  </datafield>
  <datafield tag="250" ind1=" " ind2=" ">
    <subfield code="a">PRIMERA EDICION</subfield>
  </datafield>
  <datafield tag="260" ind1=" " ind2=" ">
    <subfield code="a">QUERETARO</subfield>
    <subfield code="b">GOBIERNO DEL ESTADO DE QUERETARO</subfield>
    <subfield code="c">1997</subfield>
  </datafield>
  <datafield tag="300" ind1=" " ind2=" ">
    <subfield code="a">215 p&#xE1;ginas</subfield>
    <subfield code="c">29 cm x 28.5 cm</subfield>
  </datafield>
  <datafield tag="336" ind1=" " ind2=" ">
    <subfield code="2">rdacontent</subfield>
    <subfield code="a">texto</subfield>
    <subfield code="b">txt</subfield>
  </datafield>
  <datafield tag="337" ind1=" " ind2=" ">
    <subfield code="2">rdamedia</subfield>
    <subfield code="a">sin mediaci&#xF3;n</subfield>
    <subfield code="b">n</subfield>
  </datafield>
  <datafield tag="338" ind1=" " ind2=" ">
    <subfield code="2">rdacarrier</subfield>
    <subfield code="a">volumen </subfield>
    <subfield code="b">nc</subfield>
  </datafield>
  <datafield tag="505" ind1=" " ind2=" ">
    <subfield code="a">El libro Memoria gr&#xE1;fica: acciones y obras 1991-1997 documenta el gobierno de Enrique Burgos Garc&#xED;a en Quer&#xE9;taro, mostrando en 215 p&#xE1;ginas con fotograf&#xED;as las principales obras p&#xFA;blicas, programas sociales y acciones de modernizaci&#xF3;n realizadas durante su administraci&#xF3;n. Es una recopilaci&#xF3;n visual y escrita que busca dejar constancia de los avances en infraestructura, educaci&#xF3;n, salud y desarrollo urbano en ese periodo. </subfield>
  </datafield>
  <datafield tag="650" ind1=" " ind2=" ">
    <subfield code="2">PRODUCCION</subfield>
  </datafield>
  <datafield tag="650" ind1=" " ind2=" ">
    <subfield code="2">ECOLOGIA</subfield>
  </datafield>
  <datafield tag="650" ind1=" " ind2=" ">
    <subfield code="2">OBRAS ENCICLOPEDICAS GENERALES</subfield>
  </datafield>
  <datafield tag="942" ind1=" " ind2=" ">
    <subfield code="2">ddc</subfield>
    <subfield code="c">COLQ</subfield>
  </datafield>
  <datafield tag="952" ind1=" " ind2=" ">
    <subfield code="0">0</subfield>
    <subfield code="1">0</subfield>
    <subfield code="2">ddc</subfield>
    <subfield code="4">0</subfield>
    <subfield code="7">2</subfield>
    <subfield code="8">ESPQ</subfield>
    <subfield code="a">BPCEFC</subfield>
    <subfield code="b">BPCEFC</subfield>
    <subfield code="c">ACCESO B PLANTA ALTA</subfield>
    <subfield code="d">2026-06-30</subfield>
    <subfield code="e">DONACION </subfield>
    <subfield code="l">0</subfield>
    <subfield code="o"> CQ / 338.97245 / M45</subfield>
    <subfield code="r">2026-06-30 15:54:11</subfield>
    <subfield code="t">EJ.1</subfield>
    <subfield code="w">2026-06-30</subfield>
    <subfield code="y">COLQ</subfield>
  </datafield>
  <datafield tag="999" ind1=" " ind2=" ">
    <subfield code="c">68707</subfield>
    <subfield code="d">68707</subfield>
  </datafield>
</record>
